01457cam a22003857a 4500003000500000005001700005008004100022010001000063011001000073035001000083040000900093082001500102100003100117245011700148260003700265300003100302490002500333590004100358590004100399590004100440590004100481590004200522650004600564650003600610650003000646650003100676700003000707700003000737830003300767901000700800942001000807949009200817999001700909952014500926CHAP20220329141328.0971013s1986 r 00010 d a66476 a67448 a76918 cCHAP a582.15bL800aLuxmoore, Robert J.969221 0aCoupling of carbon, water and nutrient interactions in woody plant soil systemsb: proceedings of a symposium... aVictoria, Canada :bHeron,c1986 a467 p.b: ilus. ; gráfs. 0aTree physiologyv; 2 aBATCH-UPDb10c20130110lUCH01h0215 aBATCH-UPDb10c20130110lUCH01h0756 aBATCH-UPDb10c20130409lUCH01h2233 aBATCH-UPDb10c20130914lUCH01h0842 aCONVERSIONb10c20130109lUCH01h133714aÁrbolesxFisiologia y morfologia.9659914aCarbónxAsimilación.91883814aPlantas leñosas.98901814aSuelos y cultivos.91105710 aKaufmann, Merrill.9628240 aLandsberg, Joseph.9647110 aTree physiologyv; 29114733 aBK cLIBRO a582.15 L8bBCcLIBROd33724000453031eLIBROgI.138593h72122i76918mDirectosit102.91 c66476d66476 00102ddc4052708GRALaBCbBCcPA_GRALd2019-12-31eI.138593fLIBROl0o582.15 L8p33724000453031r2019-12-31 00:00:00w2019-12-31yLIBRO